The David Moore Robinson bequest of classical art and antiquities (Record no. 2515)

MARC details
000 -CABECERA
campo de control de longitud fija 00820nam a2200229 a 4500
001 - NÚMERO DE CONTROL
campo de control BRCA_2775
005 - FECHA Y HORA DE LA ÚLTIMA TRANSACCIÓN
campo de control 20190320203950.0
008 - DATOS DE LONGITUD FIJA--INFORMACIÓN GENERAL
campo de control de longitud fija 081208s1961----maua---###---#000-0#eng-#
050 #4 - SIGNATURA TOPOGRÁFICA DE LA BIBLIOTECA DEL CONGRESO
Número de clasificación N527
Número de documento/Ítem .D38 1961
245 10 - MENCIÓN DE TÍTULO
Título The David Moore Robinson bequest of classical art and antiquities
Resto del título May 1 to September 20
Mención de responsabilidad, etc. Fogg Art Museum - Harvard University ; introd. by G.M.A. Hanfmann.
260 ## - PUBLICACIÓN, DISTRIBUCIÓN, ETC.
Lugar de publicación, distribución, etc. Cambridge, Massachusetts
Nombre del editor, distribuidor, etc. Harvard College
Fecha de publicación, distribución, etc. 1961
300 ## - DESCRIPCIÓN FÍSICA
Extensión 48 p.
Otras características físicas il.
Dimensiones 26 cm.
500 ## - NOTA GENERAL
Nota general AA5
600 14 - PUNTO DE ACCESO ADICIONAL DE MATERIA--NOMBRE DE PERSONA
Nombre de persona Robinson, David Moore
Fechas asociadas al nombre 1880-1958
9 (RLIN) 7805
650 14 - PUNTO DE ACCESO ADICIONAL DE MATERIA--TÉRMINO DE MATERIA
Término de materia o nombre geográfico como elemento de entrada Arte
Subdivisión geográfica Estados Unidos
9 (RLIN) 7806
650 14 - PUNTO DE ACCESO ADICIONAL DE MATERIA--TÉRMINO DE MATERIA
Término de materia o nombre geográfico como elemento de entrada Galerias y Museos
Subdivisión geográfica Estados Unidos
9 (RLIN) 7437
700 1# - PUNTO DE ACCESO ADICIONAL--NOMBRE DE PERSONA
Nombre de persona Hanfmann, G. M. A.
Término indicativo de función/relación introd
9 (RLIN) 7807
710 2# - PUNTO DE ACCESO ADICIONAL--NOMBRE DE ENTIDAD CORPORATIVA
Nombre de entidad corporativa o nombre de jurisdicción como elemento de entrada Harvard University
9 (RLIN) 7808
710 2# - PUNTO DE ACCESO ADICIONAL--NOMBRE DE ENTIDAD CORPORATIVA
Nombre de entidad corporativa o nombre de jurisdicción como elemento de entrada William Hayes Fogg Art Museum
9 (RLIN) 7809
902 ## - CATALOGADOR
Iniciales GFM
942 ## - ELEMENTOS DE PUNTO DE ACCESO ADICIONAL (KOHA)
Fuente del sistema de clasificación o colocación Library of Congress Classification
Tipo de ítem Koha Libros
Holdings
Estado de retiro Estado de pérdida Estado dañado No para préstamo Localización permanente Ubicación/localización actual Fecha de adquisición Número de inventario Total de préstamos Signatura topográfica completa Código de barras Fecha visto por última vez Precio válido a partir de Tipo de ítem Koha
El ejemplar forma parte de la colección y puede ser consultado según las políticas vigentes.       Biblioteca del Museo Franz Mayer (Rogerio Casas-Alatriste) Biblioteca del Museo Franz Mayer (Rogerio Casas-Alatriste) 08/12/2008 AA5   N527 .D38 1961 (AA5) 2772 22/03/2019 22/03/2019 Libros